Top Pets in USA (Edited) - Statistics

General Stats
  • This quiz has been taken 108 times
    71 since last reset
  • The average score is 3 of 6
Answer Stats
% of americans own Answer % Correct
37.5% own Cat
100%
53% own Dog
100%
9.6% own Fish
74%
1.3% own Horse
19%
4.8% own Birds
5%
3.8% own Reptiles
0%
No matching quizzes found
Score Distribution
Percent of People with Each Score
Percentile by Number Answered
Your Score History
You have not taken this quiz since the last reset